Redefining 'Sub-Culture'

Titel: Redefining 'Sub-Culture' : A New Lens for Understanding Hybrid Cultural Identities in East-Central Europe with a Case Study from Early 20th Century L'viv-Lwów-Lemberg
Verfasser:
Beteiligt:
In: Nations and nationalism, Band 21, Heft 4 (2015), Seite 700-720
alle Artikel anzeigen
Veröffentlicht: 2015
Format: Aufsatz
Sprache: Englisch
Kein Bild verfügbar
X
alg: 39282453
001A    $01999:11-11-16 
001B    $01999:10-07-24 $t22:32:32.000 
001C    $06050:19-11-16 $t15:06:49.000 
001D    $01999:11-11-16 
001U    $0utf8 
001X    $00 
002@    $0Oox 
003@    $0392824531 
007A    $0392824531 $aHEB 
007T    $0Herdc0108726m 
009Q    $uhttp://onlinelibrary.wiley.com/doi/10.1111/nana.12119 $xVolltext 
010@    $aeng 
011@    $a2015 
021A    $aRedefining 'Sub-Culture' $dA New Lens for Understanding Hybrid Cultural Identities in East-Central Europe with a Case Study from Early 20th Century L'viv-Lwów-Lemberg 
028A    $aPyrah $dRobert 
028B/01 $aFellerer $dJan 
031A    $d21 $e4 $h700-720 $j2015 
039B    $aIn $8--Obvc--. Nations and nationalism. - Oxford : Wiley-Blackwell, 1995-. - Online-Ressource. - ISSN 1469-8129. - DOI 10.1111/(ISSN)1469-8129 $x201500000210004300 $9084522844 
045F    $a306.09438 $eDDC23BSB 
045F/01 $a306.09 
045F/03 $g438 

lok: 39282453 78

exp: 39282453 78 1 #EPN
201B/01 $012-12-17 $t11:23:43.000 
201U/01 $0utf8 
203@/01 $0788934759 
208@/01 $a11-11-16 $be 
209A/01 $a/ $f000 $x00 
220C/01 $aTitelaufnehmer: pg 
220C/01 $aHerkunft: HI Marburg 
244Z/01 $2Trx $#Poola $#Lenkija $#Polija $#Polen Land $#Poland $#Lengyelország $#Poľsko $#Polsko $8--Trx--Polska$gkraj $x01 $9391345966 
244Z/01 $#Lemberg $#Leontopolis $#Leopolis $#Leopoli $#Léopol $#Lwów $#Lwow $#L'vov $#Lwiw $#L'viv $#Lʹviv vor 1919 $#Lviv $#Lvovas $#Львів $74035304-7 $8--Tg1--Lemberg $x02 $9085095230 
244Z/01 $aGeschichte 1880-1950 $x03 
244Z/01 $2Trx $#identiteedid, kollektiivsed $#kolektyviniai identitetai $#collective identities $#identitások, kollektív $#tożsamość społeczna $#totožnosti kolektívne $#identita kolektivní $#totožnost kolektivní $8--Trx--Identitäten, kollektive $x04 $9391366564 
244Z/01 $2Trx $#suhted, kultuurilised $#santykiai, kultūriniai $#relationships, cultural $#kapcsolatok, kulturális $#stosunki kulturalne $#vzťahy kultúrne $#vztahy kulturní $#Kulturtransfer $8--Trx--Beziehungen, kulturelle $x05 $9391374184 
244Z/01 $2Trx $8--Trx--Zeitschriftenaufsatz $x06 $9391384341 
244Z/01 $2Trx $8--Trx--elektronische Ressource $x07 $939138452X 
245Z/01 $a13.03 $x01 
245Z/01 $a09.12 $x02 
247C/01 $82080>Marburg/Lahn, Herder-Institut, Forschungsbibliothek, Bibliographieportal $9336309341
LEADER 00000caa a22000002c 4500
001 392824531
003 DE-603
005 20240710223232.0
007 cr||||||||||||
008 161111s2015 xx |||| o| u00||u|eng c
035 |a (DE-599)HEB392824531 
040 |a DE-603  |b ger  |c DE-603  |d DE-603 
041 |a eng 
082 0 4 |8 1\u  |a 306.09438  |q DE-101  |2 23/BSB 
085 |8 1\u  |b 306.09 
085 |8 1\u  |z 2  |s 438 
100 1 |a Pyrah, Robert 
245 0 0 |a Redefining 'Sub-Culture'  |b A New Lens for Understanding Hybrid Cultural Identities in East-Central Europe with a Case Study from Early 20th Century L'viv-Lwów-Lemberg 
264 0 |c 2015 
700 1 |a Fellerer, Jan 
773 0 8 |i In  |t Nations and nationalism  |d Oxford : Wiley-Blackwell, 1995-  |h Online-Ressource  |o 10.1111/(ISSN)1469-8129  |x 1469-8129  |g Band 21, Heft 4 (2015), Seite 700-720  |w (DE-603)084522844  |w (DE-600)1500007-2 
856 |u http://onlinelibrary.wiley.com/doi/10.1111/nana.12119 
924 1 |9 2080  |a (DE-603)788934759  |b DE-2080  |c HES  |d d  |g /